[Event "Tourn. n9969"]
[Site "www.echecsemail.com"]
[Date "2019.01.11"]
[Round "1"]
[White "Roque1"]
[Black "Drill64"]
[WhiteElo "1900"]
[BlackElo "1849"]
[Result "1-0"]
[Round "1"]
1.e4 c5
2.Ng1f3 Nb8c6
3.d4 cxd4
4.Nf3xd4 e6
5.Nd4xc6 bxc6
6.Bf1c4 d5
7.exd5 cxd5
8.Bc4b3 Ng8f6
9.O-O Bf8d6
10.Bc1g5 O-O
11.Nb1d2 h6
12.Bg5h4 a5
13.a4 Bd6e7
14.c4 Bc8b7
15.Bh4xf6 Be7xf6
16.Ra1b1 d4
17.c5 Bb7d5
18.Bb3xd5 Qd8xd5
19.b4 axb4
20.Rb1xb4 Qd5xc5
21.Qd1b3 Qc5c3
22.Rf1d1 Qc3xb3
23.Nd2xb3 Rf8b8
24.Rb4xb8 Ra8xb8
25.Rd1d3 e5
26.f3 Kf8
27.Kf2 Ke7
28.Ke2 Kd6
29.a5 Bf6d8
30.Kd2 Rb8a8
31.Kc2 Bd8xa5
32.g4 Ba5c3
33.h4 Ra8a2
34.Kd1 Ra2b2
35.Nb3c1 Rb2h2
36.Nc1e2 Bc3b4
37.h5 f6
38.Ne2g3 Kd5
39.Ng3e2 Kc4
40.Ne2c1 Rh2h1
41.Kc2 Rh1xc1
42.Kxc1 Kxd3
43.Kd1 Ke3
44.Kc2 Kxf3
45.Kd3 Kxg4
46.Ke4 Kxh5
47.Kd3 Kg4
48.Ke4 h5
49.Kd3  { time }
1-0

[Event "Tourn. n9994"]
[Site "www.echecsemail.com"]
[Date "2019.01.12"]
[Round "1"]
[White "Ditto"]
[Black "Bojan"]
[WhiteElo "1900"]
[BlackElo "2010"]
[Result "1/2-1/2"]
[Round "1"]
1.e4 e5
2.Ng1f3 d6
3.Bf1c4 Qd8f6
4.d3 h6
5.Nb1c3 c6
6.Bc1e3 Bc8g4
7.Nc3b1 Bg4xf3
8.gxf3 Ng8e7
9.Nb1d2 Ne7g6
10.Qd1e2 Nb8d7
11.O-O-O Ng6f4
12.h4 Nf4xe2
13.Kb1 Qf6xf3
14.Nd2xf3 Bf8e7
15.Rd1e1 Ne2f4
16.Rh1g1 g6
17.Be3xf4 exf4
18.Rg1g4 Nd7e5
19.Nf3xe5 dxe5
20.Kc1 h5
21.Rg4g1 Be7xh4
22.Re1f1 Ke7
23.f3 Bh4g3
24.Rf1d1 h4
25.a3 a6
26.d4 f6
27.d5 b5
28.d6 Kd7
29.Bc4f7 g5
30.Bf7g6 Bg3f2
31.Bg6f5 Kd8
32.Rg1h1 a5
33.d7 c5
34.Rd1d6 Ke7
35.Rh1d1 b4
36.a4 Bf2d4
37.Rd6c6 h3
38.Rc6c7 h2
39.Rd1h1 Bd4g1
{ draw }
1/2-1/2

[Event "Tourn. n9994"]
[Site "www.echecsemail.com"]
[Date "2019.01.12"]
[Round "1"]
[White "Andychesston"]
[Black "Mitja"]
[WhiteElo "2010"]
[BlackElo "1920"]
[Result "0-1"]
[Round "1"]
1.e4 d5
2.exd5 Qd8xd5
3.Nb1c3 Qd5d8
4.d4 e6
5.Ng1f3 c6
6.Bf1e2 h6
7.O-O Ng8f6
8.Bc1f4 Nb8d7
9.Qd1d3 b6
10.Ra1d1 Bc8b7
11.Rd1d2 Nf6d5
12.Nc3xd5 cxd5
13.Nf3e5 Nd7xe5
14.dxe5 Bf8e7
15.Rf1d1 Ra8c8
16.c3 Qd8c7
17.Be2f3 Qc7c4
18.Qd3e3 Be7c5
19.Rd2d4 Bc5xd4
20.Rd1xd4 Qc4xa2
21.Qe3c1 Rc8c4
22.Bf3e2 Rc4xd4
23.Be2b5 Kd8
24.cxd4 Qa2a5
25.Bb5d3 Kd7
26.Bf4d2 Rh8c8
27.Qc1xc8 Bb7xc8
28.Bd2xa5 bxa5
29.Bd3b5 Ke7
30.f4 Bc8d7
31.Bb5a6 f6
32.exf6 gxf6
33.Kf2 f5
34.Ke3 Kd6
35.h3 Kc6
36.Ba6e2 Kb6
37.g4 fxg4
38.hxg4 a4
39.g5 hxg5
40.fxg5 Bd7e8
41.Kf4 Ka5
42.Be2d3 Kb4
43.g6 Kb3
44.Ke5 Kxb2
45.Bd3b5 Be8xg6
46.Bb5xa4 Bg6f5
47.Ba4b5 Kc3
48.Bb5a6 Bf5d3
49.Ba6c8 a5
50.Bc8d7 Bd3c2
51.Bd7xe6 a4
52.Be6xd5 a3
53.Bd5a2 Kb2
54.Ba2c4 Bc2b3
55.d5 a2
56.Bc4xb3 Kxb3
57.d6 a1Q
58.Ke6 Qa1e1
59.Kd7 Qe1e5
60.Kc6 Qe5e6
61.Kc7 Qe6c4
62.Kd8 Kb4
63.d7 Qc4c6
64.Ke7 Qc6c7
65.Ke8 Qc7e5
66.Kf7 Qe5d6
67.Ke8 Qd6e6
68.Kd8 Kc5
69.Kc8 Qe6c6
70.Kd8 Kd6
71.Ke8 Qc6xd7
72.Kf8 Ke6
73.Kg8 Kf6
74.Kh8 Qd7g7
{ resign }
0-1

[Event "Match"]
[Site "www.echecsemail.com"]
[Date "2019.01.12"]
[Round "1"]
[White "Apdash"]
[Black "Eeze"]
[WhiteElo "2320"]
[BlackElo "1800"]
[Result "1-0"]
[Round "1"]
1.e4 e5
2.Ng1f3 d6
3.d4 exd4
4.Nf3xd4 h6
5.c3 Bf8e7
6.Bf1c4 Ng8f6
7.Nb1d2 Bc8g4
8.Qd1b3 b6
9.Bc4xf7 Kf8
10.Bf7g6 d5
11.Nd2f3 Nf6xe4
12.Nf3e5 Ne4d6
13.Ne5xg4 Qd8d7
14.Ng4e5 Qd7c8
15.Qb3xd5 Be7f6
16.Qd5xa8 Bf6xe5
17.Qa8f3 Be5f6
18.O-O c5
19.Bc1f4 Nd6f7
20.Qf3d5 Qc8d7
21.Nd4e6 Ke7
22.Qd5xd7 Nb8xd7
23.Rf1e1 Nf7e5
24.Bf4xe5 Nd7xe5
25.Bg6f5 Kd6
26.Ra1d1 Kc6
27.f4 Ne5c4
28.b3 Nc4d6
29.Bf5e4 Kd7
30.f5 Bf6xc3
31.Re1e3 Bc3f6
32.Re3d3 Bf6e7
33.Ne6xg7 Rh8f8
34.Ng7h5 Kc7
35.f6 Be7xf6
36.Rd3xd6 Bf6d4
37.Rd6xd4 cxd4
38.Rd1xd4 Rf8e8
39.Nh5f6 Re8e7
40.Nf6d5 Kd7
41.Nd5xe7 Kxe7
42.Be4c6 Ke6
43.Rd4h4 Ke5
44.Rh4xh6 Kd4
45.g4 Kc3
46.g5 Kb4
47.g6 Ka3
48.g7 Kxa2
49.g8Q { resign }
1-0

[Event "Tourn. n10019"]
[Site "www.echecsemail.com"]
[Date "2019.01.12"]
[Round "1"]
[White "Cemaah"]
[Black "Andychesston"]
[WhiteElo "2149"]
[BlackElo "2000"]
[Result "1-0"]
[Round "1"]
1.e4 e5
2.f4 Nb8c6
3.Ng1f3 d6
4.Bf1b5 Bc8g4
5.d4 a6
6.Bb5xc6 bxc6
7.O-O Ng8f6
8.dxe5 Nf6xe4
9.Rf1e1 d5
10.Bc1e3 Bf8b4
11.c3 Bb4a5
12.Qd1a4 Ba5b6
13.Be3xb6 cxb6
14.Qa4xc6 Ke7
15.Nb1d2 Ne4c5
16.Nf3g5 Ra8a7
17.h3 Bg4c8
18.Re1e3 Ra7c7
19.Qc6xb6 h6
20.Ng5f3 Nc5e6
21.Ra1e1 Ne6xf4
22.Qb6b4 Ke8
23.Qb4xf4 g5
24.Qf4f6 Qd8xf6
25.exf6 Bc8e6
26.Nf3d4 Kd7
27.Nd2f3 Rh8e8
28.Nd4xe6 fxe6
29.f7 Re8f8
30.Nf3e5 Kd6
31.Re1e2 Rc7b7
32.Ne5g4 Rb7xf7
33.Re3xe6 Kc5
34.Re2f2 h5
35.Rf2xf7 Rf8xf7
36.Ng4f2 a5
37.Nf2d3 Kc4
38.Nd3e5 { resign }
1-0

[Event "Match"]
[Site "www.echecsemail.com"]
[Date "2019.01.12"]
[Round "1"]
[White "Luzhin"]
[Black "Nevaeh"]
[WhiteElo "2540"]
[BlackElo "1809"]
[Result "1/2-1/2"]
[Round "1"]
1.e4 e5
2.Ng1f3 Nb8c6
3.Bf1b5 Ng8f6
4.d3 Bf8c5
5.Bb5xc6 dxc6
6.O-O Qd8e7
7.Nb1d2 Bc8g4
8.c4 O-O-O
9.h3 Bg4h5
10.Qd1e2 g5
11.Nd2b3 g4
12.hxg4 Nf6xg4
13.Bc1g5 f6
14.Bg5d2 Bc5b4
15.Nf3h4 Bb4xd2
16.Qe2xd2 Qe7f8
17.d4 Rh8g8
18.f3 Ng4h6
19.Qd2e3 Kb8
20.Rf1d1 Qf8g7
21.Nb3c5 exd4
22.Rd1xd4 Rd8xd4
23.Qe3xd4 b6
24.Nc5d7 Kb7
25.Ra1f1 Qg7g3
26.Nd7xf6 Qg3xh4
27.Nf6xg8 Nh6xg8
28.c5 Ng8e7
29.f4 Ne7g8
30.cxb6 axb6
31.Qd4g7 Qh4d8
32.g4 Bh5g6
33.f5 Ng8f6
34.fxg6 Qd8d4
35.Rf1f2 Qd4d1
36.Kg2 Qd1xg4
37.Kf1 Nf6xe4
38.Qg7xh7 Ne4g3
39.Kg1 Ng3f5
40.Rf2g2 { draw }
1/2-1/2

[Event "Tourn. n9990"]
[Site "www.echecsemail.com"]
[Date "2019.01.12"]
[Round "1"]
[White "Drill64"]
[Black "Raicolin"]
[WhiteElo "2200"]
[BlackElo "2459"]
[Result "0-1"]
[Round "1"]
1.Ng1f3 Ng8f6
2.c4 c6
3.d4 d5
4.g3 e6
5.Bf1g2 Nb8d7
6.b3 Bf8d6
7.Bc1b2 b6
8.Nb1d2 O-O
9.O-O Bc8b7
10.e3 Qd8e7
11.Qd1c2 Ra8c8
12.Ra1c1 c5
13.Qc2b1 cxd4
14.Nf3xd4 Nd7c5
15.cxd5 Bb7xd5
16.Bg2xd5 Nf6xd5
17.e4 Nd5b4
18.Nd2c4 Bd6b8
19.Rc1d1 Qe7b7
20.Nd4b5 Nc5xe4
21.Bb2a3 Ne4g5
22.f3 a5
23.Nb5d6 Bb8xd6
24.Nc4xd6 Ng5xf3
25.Rf1xf3 Qb7xf3
26.Nd6xc8 Qf3e3
27.Kh1 Rf8xc8
28.Ba3xb4 axb4
29.Rd1f1 Qe3e2
30.Rf1e1 Qe2f3
 { time }
0-1

[Event "1/128 Finale"]
[Site "www.chess-mail.com"]
[Date "2019.01.12"]
[Round "1"]
[White "Vitor"]
[Black "Hennie4820"]
[WhiteElo "1539"]
[BlackElo "1930"]
[Result "0-1"]
[Round "1"]
1.e4 c5
2.Ng1f3 e6
3.d4 cxd4
4.Nf3xd4 Ng8f6
5.Bc1g5 Qd8a5
6.Bg5d2 Qa5e5
7.Bd2c3 Qe5xe4
8.Nd4e2 Bf8e7
9.Nb1d2 Qe4c6
10.Ne2d4 Qc6c7
11.Bf1e2 Nb8c6
12.Nd2f3 a6
13.O-O O-O
 { time }
0-1

[Event "1/64 Finale"]
[Site "www.chess-mail.com"]
[Date "2019.01.12"]
[Round "1"]
[White "Picifarkinca"]
[Black "George1955"]
[WhiteElo "1890"]
[BlackElo "2660"]
[Result "0-1"]
[Round "1"]
1.Ng1f3 d5
2.d4 Ng8f6
3.c4 c6
4.cxd5 cxd5
5.Nb1c3 Nb8c6
6.Bc1f4 Bc8f5
7.e3 e6
8.Qd1b3 Bf8b4
9.Bf1b5 O-O
10.O-O Bb4xc3
{ resign }
0-1

[Event "Match"]
[Site "www.echecsemail.com"]
[Date "2019.01.13"]
[Round "1"]
[White "Sachpat"]
[Black "Manolinex"]
[WhiteElo "2770"]
[BlackElo "2890"]
[Result "0-1"]
[Round "1"]
1.e4 c5
2.Ng1f3 d6
3.d4 cxd4
4.Nf3xd4 Ng8f6
5.f3 Nb8c6
6.c4 e6
7.Nb1c3 Bf8e7
8.Bc1e3 O-O
9.Bf1e2 d5
10.Nd4xc6 bxc6
11.O-O Ra8b8
12.b3 Be7b4
13.Nc3a4 Qd8c7
14.c5 Bb4a3
15.Qd1c2 h6
16.Be3f2 Rf8e8
17.Na4c3 Qc7a5
18.Nc3b1 Bc8a6
19.Be2xa6 Qa5xa6
20.Nb1xa3 Qa6xa3
21.Bf2h4 a5
22.Bh4xf6 gxf6
23.Kh1 a4
24.bxa4 Re8d8
25.Qc2f2 Kh7
26.Qf2h4 Qa3c3
27.h3 Rd8g8
28.Ra1c1 Qc3d2
29.Rf1g1 Qd2g5
30.Qh4xg5 hxg5
31.Rc1b1 Rb8a8
32.exd5 cxd5
33.Rb1b4 Rg8c8
34.Rg1c1 Ra8a6
35.Kg1 Rc8c6
36.Kf2 Ra6a5
37.Ke3 Ra5xc5
38.Rc1xc5 Rc6xc5
39.Kd4 Rc5a5
40.Kc3 Kg6
41.Kb3 f5
42.Rb4b7 Ra5a8
43.Rb7d7 f4
44.Kb4 Kh5
{ resign }
0-1

[Event "Tourn. n9996"]
[Site "www.echecsemail.com"]
[Date "2019.01.13"]
[Round "1"]
[White "Osopanda"]
[Black "Passaroa25"]
[WhiteElo "1690"]
[BlackElo "1660"]
[Result "0-1"]
[Round "1"]
1.e4 Ng8f6
2.Nb1c3 c6
3.d4 e6
4.Ng1f3 d6
5.e5 Nf6d5
6.Nc3xd5 exd5
7.c4 Bc8e6
8.exd6 Qd8xd6
9.cxd5 cxd5
10.Bf1b5 Nb8d7
11.O-O O-O-O
12.Bc1g5 f6
13.Bg5h4 Kb8
14.Ra1c1 g5
15.Bh4g3 Nd7e5
16.dxe5 fxe5
17.Bg3xe5 Bf8e7
18.Be5xd6 Be7xd6
19.Rf1e1 Bd6f4
20.Rc1c2 Be6f5
21.Rc2e2 Bf5g6
22.g3 Bf4c7
23.Nf3xg5 { time. }
0-1

[Event "Tourn. n9996"]
[Site "www.echecsemail.com"]
[Date "2019.01.13"]
[Round "1"]
[White "Julian"]
[Black "Passaroa25"]
[WhiteElo "1700"]
[BlackElo "1660"]
[Result "0-1"]
[Round "1"]
1.e4 Ng8f6
2.Nb1c3 c6
3.d4 e6
4.Ng1f3 Bf8e7
5.d5 O-O
6.d6 Be7xd6
7.e5 Nf6d5
8.exd6 f6
9.Nc3xd5 cxd5
10.Bc1f4 Nb8c6
11.c3 g5
12.Bf4g3 h5
13.h4 g4
14.Nf3d4 Nc6e5
15.Bf1e2 Qd8b6
16.O-O Qb6xd6
17.f3 f5
18.fxg4 hxg4
19.Qd1d2 Qd6c7
20.Qd2f4 Qc7d6
21.Qf4xe5 Qd6xe5
22.Bg3xe5 b6
23.g3 { time. }
0-1

[Event "Tourn. n10024"]
[Site "www.echecsemail.com"]
[Date "2019.01.13"]
[Round "1"]
[White "Francesco"]
[Black "Sorim"]
[WhiteElo "1960"]
[BlackElo "2080"]
[Result "0-1"]
[Round "1"]
1.e4 e5
2.Ng1f3 Nb8c6
3.Bf1b5 a6
4.Bb5a4 Ng8f6
5.O-O Bf8e7
6.Rf1e1 b5
7.Ba4b3 d6
8.d4 Bc8g4
9.dxe5 Nc6xe5
10.Nb1d2 c5
11.Bb3d5 Nf6xd5
12.exd5 O-O
13.h3 Bg4h5
14.g4 Ne5xg4
15.hxg4 Bh5xg4
16.Nd2e4 f5
17.Ne4g3 Be7h4
18.Qd1d3 c4
19.Qd3a3 f4
20.Ng3e4 b4
21.Qa3xb4 Bg4xf3
22.Qb4xc4 Rf8f6
23.Ne4xf6 Qd8xf6
24.Kh2 Bh4xf2
25.Qc4xf4 Bf2xe1
26.Qf4xf6 gxf6
27.Bc1f4 Be1b4
28.c3 Bb4c5
29.c4 Kf7
30.Kg3 Bf3e4
31.a3 a5
32.Ra1e1 Ra8g8
33.Kh3 Be4f5
34.Kh2 Rg8g4
35.Bf4d2 a4
36.Bd2c3 Rg4xc4
{ resign }
0-1

[Event "Tourn. n10015"]
[Site "www.echecsemail.com"]
[Date "2019.01.13"]
[Round "1"]
[White "Passaroa25"]
[Black "Julian"]
[WhiteElo "1660"]
[BlackElo "1610"]
[Result "1-0"]
[Round "1"]
1.Nb1c3 d5
2.d4 c6
3.e3 e6
4.Bc1d2 f5
5.Ng1e2 Ng8f6
6.f3 Bf8d6
7.Ne2g3 O-O
8.Bf1e2 Qd8e7
9.O-O Nb8d7
10.Be2d3 b5
11.b3 Rf8f7
12.Rf1e1 Nd7f8
13.Nc3e2 Bc8d7
14.Ne2c3 Bd7e8
15.Qd1e2 a5
16.Qe2f2 Nf8d7
17.Re1d1 Rf7f8
18.Ng3e2 Be8g6
19.Rd1f1 Rf8b8
{ time. }
1-0

[Event "Tourn. n10006"]
[Site "www.echecsemail.com"]
[Date "2019.01.13"]
[Round "1"]
[White "Passaroa25"]
[Black "Osopanda"]
[WhiteElo "1660"]
[BlackElo "1690"]
[Result "1-0"]
[Round "1"]
1.Nb1c3 d5
2.d4 c6
3.e4 dxe4
4.Nc3xe4 Bc8f5
5.f3 Nb8d7
6.Bc1e3 Ng8f6
7.Bf1d3 Nf6xe4
8.Bd3xe4 Bf5xe4
9.fxe4 e6
10.Ng1e2 Bf8b4
11.c3 Bb4e7
12.O-O O-O
13.b4 Nd7f6
14.e5 Nf6d5
15.Be3f2 b6
16.Qd1b1 f6
17.Bf2g3 fxe5
18.Bg3xe5 Be7f6
19.a4 Bf6xe5
20.dxe5 Rf8xf1
21.Qb1xf1 Nd5xc3
22.Ne2xc3 Qd8d4
23.Kh1 Ra8f8
{ time. }
1-0

[Event "Tourn. n10015"]
[Site "www.echecsemail.com"]
[Date "2019.01.13"]
[Round "1"]
[White "Passaroa25"]
[Black "Osopanda"]
[WhiteElo "1660"]
[BlackElo "1640"]
[Result "1-0"]
[Round "1"]
1.Nb1c3 d6
2.Ng1f3 Ng8f6
3.d4 g6
4.Bc1d2 Bf8g7
5.e4 Nb8d7
6.d5 O-O
7.Bd2e3 c6
8.h3 Nd7e5
9.Bf1e2 cxd5
10.exd5 Ne5xf3
11.Be2xf3 a6
12.O-O b5
13.b3 Bc8b7
14.Qd1d2 Ra8c8
15.Qd2d3 Qd8c7
16.Be3d2 e6
17.a4 b4
18.Nc3a2 a5
19.c4 exd5
{ time. }
1-0

[Event "Match"]
[Site "www.echecsemail.com"]
[Date "2019.01.13"]
[Round "1"]
[White "Tonino1"]
[Black "Coolant"]
[WhiteElo "2180"]
[BlackElo "2360"]
[Result "0-1"]
[Round "1"]
1.d4 Ng8f6
2.Ng1f3 b6
3.e3 Bc8b7
4.Bf1d3 e6
5.O-O c5
6.c3 d5
7.Nb1d2 Nb8d7
8.Qd1e2 Bf8d6
9.b3 O-O
10.Bc1b2 e5
11.dxe5 Nd7xe5
12.Nf3xe5 Bd6xe5
13.f4 Be5d6
14.Nd2f3 Qd8e7
15.Nf3e5 Bd6xe5
16.fxe5 Qe7xe5
17.c4 d4
18.exd4 Qe5xe2
19.Bd3xe2 Rf8e8
20.Be2f3 Bb7xf3
21.Rf1xf3 Re8e2
22.Rf3f2 Ra8e8
23.Kf1 Re2xf2
24.Kxf2 Nf6e4
25.Kg1 cxd4
26.Bb2xd4 f5
27.g3 Re8d8
28.Bd4e3 Rd8d3
29.Be3f4 Kf7
30.Ra1e1 g5
31.Bf4e5 Ke6
32.Be5a1 Rd3d2
33.g4 Rd2xa2
34.gxf5 Kxf5
35.Ba1d4 Ra2d2
36.Bd4e3 Rd2b2
37.Re1f1 Kg6
38.Rf1e1 Rb2xb3
39.Be3xb6 axb6
40.Re1xe4 Rb3b4
41.Re4e6 Kf5
42.Re6c6 h5
43.c5 bxc5
44.Rc6xc5 Kf4
45.h4 Kg3
46.Rc5xg5 Kxh4
47.Rg5g8 Kh3
48.Rg8g7 Rb4g4
49.Rg7xg4 hxg4
50.Kh1 Kg3
51.Kg1 Kf3
52.Kf1 g3
53.Kg1 g2
54.Kh2 Kf2
 { time }
0-1

[Event "1/128 Finale"]
[Site "www.chess-mail.com"]
[Date "2019.01.13"]
[Round "1"]
[White "Passaroa25"]
[Black "Julian"]
[WhiteElo "1660"]
[BlackElo "1610"]
[Result "1-0"]
[Round "1"]
1.Nb1c3 d5
2.d4 c6
3.e3 e6
4.Bc1d2 f5
5.Ng1e2 Ng8f6
6.f3 Bf8d6
7.Ne2g3 O-O
8.Bf1e2 Qd8e7
9.O-O Nb8d7
10.Be2d3 b5
11.b3 Rf8f7
12.Qd1b1 Nd7f8
13.Rf1e1 Bc8d7
14.Re1c1 Bd7e8
15.Nc3e2 a5
16.Bd2e1 Nf8d7
17.c3 Rf7f8
18.Be1f2 Be8g6
19.Bd3c2 c5
{ time. }
1-0

[Event "1/128 Finale"]
[Site "www.chess-mail.com"]
[Date "2019.01.13"]
[Round "1"]
[White "Passaroa25"]
[Black "Osopanda"]
[WhiteElo "1660"]
[BlackElo "1640"]
[Result "1-0"]
[Round "1"]
1.Nb1c3 Ng8f6
2.f3 d6
3.e4 e5
4.d3 Bc8e6
5.Bc1d2 Bf8e7
6.Ng1e2 c6
7.Ne2g3 Nb8d7
8.Bd2e3 O-O
9.Be3f2 Qd8c7
10.Bf1e2 Ra8d8
11.Bf2xa7 b6
12.Ba7xb6 Qc7xb6
13.Ra1b1 d5
14.Nc3a4 Qb6e3
15.exd5 cxd5
16.Ng3f1 Qe3h6
17.Nf1g3 e4
18.dxe4 dxe4
19.Ng3xe4 Nf6xe4
{ time. }
1-0

[Event "Tourn. n10016"]
[Site "www.echecsemail.com"]
[Date "2019.01.14"]
[Round "1"]
[White "Scasan55"]
[Black "Coolant"]
[WhiteElo "2020"]
[BlackElo "2270"]
[Result "0-1"]
[Round "1"]
1.e4 c5
2.Ng1f3 e6
3.d4 cxd4
4.Nf3xd4 a6
5.c3 Qd8c7
6.Nb1d2 Ng8f6
7.Bf1d3 Nb8c6
8.Nd4xc6 bxc6
9.O-O d5
10.Rf1e1 Bf8d6
11.Nd2f3 dxe4
12.Bd3xe4 Nf6xe4
13.Re1xe4 Bc8b7
14.h3 Ra8d8
15.Qd1c2 c5
16.Re4g4 Bb7xf3
17.gxf3 O-O
18.Rg4h4 f5
19.Qc2e2 Rf8f6
20.Bc1g5 Rf6g6
21.Qe2e3 h6
22.f4 Bd6xf4
23.Rh4xf4 Rg6xg5
24.Kh1 Qc7d6
25.Ra1e1 Qd6d5
26.f3 Kf7
27.Kh2 Qd5d2
28.Qe3e2 Qd2xf4
29.Kh1 Qf4d6
30.f4 Rg5g3
31.Qe2h5 g6
32.Qh5xh6 Qd6d5
{ resign }
0-1

[Event "Tourn. n10020"]
[Site "www.echecsemail.com"]
[Date "2019.01.14"]
[Round "1"]
[White "Szustan"]
[Black "Dougbeer"]
[WhiteElo "2620"]
[BlackElo "2480"]
[Result "0-1"]
[Round "1"]
1.e4 e6
2.d4 d5
3.Nb1c3 Bf8b4
4.e5 c5
5.a3 Bb4xc3
6.bxc3 Ng8e7
7.Qd1g4 Qd8c7
8.Qg4xg7 Rh8g8
9.Qg7xh7 cxd4
10.Ng1e2 Nb8c6
11.f4 dxc3
12.Qh7d3 d4
13.Ne2xd4 Nc6xd4
14.Qd3xd4 Bc8d7
15.Rh1g1 Ne7f5
16.Qd4f2 Qc7c6
17.Bf1d3 Qc6d5
18.Bd3xf5 exf5
19.Bc1e3 O-O-O
20.Ra1d1 Qd5a2
21.Qf2e2 Bd7c6
22.Rd1xd8 Rg8xd8
23.Kf2 a6
24.Rg1d1 Rd8g8
25.Ke1 Bc6b5
26.Qe2f2 Qa2c4
27.Rd1d6 Qc4e4
28.Kd1 Qe4xg2
29.Ke1 Qg2h1
{ resign }
0-1

[Event "Match"]
[Site "www.echecsemail.com"]
[Date "2019.01.14"]
[Round "1"]
[White "Storzman"]
[Black "Tonino1"]
[WhiteElo "2100"]
[BlackElo "2180"]
[Result "1-0"]
[Round "1"]
1.Ng1f3 d6
2.d4 Ng8f6
3.c4 c6
4.Nb1c3 Qd8c7
5.g3 e5
6.Bf1g2 g6
7.O-O Bf8g7
8.dxe5 dxe5
9.e4 O-O
10.Bc1e3 h6
11.Qd1e2 Bc8e6
12.Rf1d1 Nb8d7
13.Ra1c1 b6
14.b3 Nf6g4
15.Be3d2 f5
16.h3 Ng4f6
17.Nf3h4 Kh7
18.exf5 gxf5
19.b4 Ra8d8
20.Nc3d5 cxd5
21.cxd5 Qc7d6
22.Rc1c6 Qd6e7
23.Rc6xe6 Qe7f7
24.Nh4xf5 Nf6xd5
25.Nf5xg7 Qf7xg7
26.Re6xh6 Kg8
27.Bg2xd5 Rf8f7
28.Bd5xf7 Qg7xf7
29.Qe2g4  { time }
1-0

[Event "Tourn. n10002"]
[Site "www.echecsemail.com"]
[Date "2019.01.14"]
[Round "1"]
[White "Seger"]
[Black "Szustan"]
[WhiteElo "2820"]
[BlackElo "2620"]
[Result "1-0"]
[Round "1"]
1.d4 d5
2.c4 dxc4
3.e4 Ng8f6
4.e5 Nf6d5
5.Bf1xc4 Nd5b6
6.Bc4d3 Nb8c6
7.Ng1e2 Bc8g4
8.f3 Bg4e6
9.Nb1c3 Qd8d7
10.Nc3e4 Be6d5
11.Ne4c5 Qd7c8
12.a3 e6
13.Qd1c2 Bf8xc5
14.Qc2xc5 Qc8d7
15.Bc1e3 Qd7e7
16.Qc5c3 f6
17.O-O Nb6a4
18.Qc3c2 Na4b6
19.Ne2f4 O-O-O
20.Ra1c1 Qe7d7
21.exf6 gxf6
22.Rf1e1 f5
23.b4 a6
24.b5 axb5
25.Bd3xb5 Rh8g8
26.Kh1 Qd7d6
27.Nf4d3 Rg8g6
28.Be3f4 Qd6e7
29.Bb5xc6 bxc6
30.Nd3b4 Rd8g8
31.Nb4xd5 Nb6xd5
32.Qc2xc6 { resign }
1-0

[Event "Match"]
[Site "www.echecsemail.com"]
[Date "2019.01.14"]
[Round "1"]
[White "Tonino1"]
[Black "Panham"]
[WhiteElo "2230"]
[BlackElo "2190"]
[Result "0-1"]
[Round "1"]
1.d4 d5
2.Ng1f3 Ng8f6
3.e3 Bc8g4
4.Bf1d3 e6
5.O-O c5
6.c3 Bf8e7
7.Nb1d2 Nb8c6
8.Qd1e2 O-O
9.h3 Bg4xf3
10.Qe2xf3 cxd4
11.exd4 e5
12.dxe5 Nc6xe5
13.Qf3e2 Be7d6
14.f4 Ne5xd3
15.Qe2xd3 Qd8c7
16.Nd2b3 Rf8e8
17.Bc1d2 Re8e4
18.Ra1e1 Ra8e8
19.Re1xe4 dxe4
20.Qd3d4 a5
21.a4 Re8d8
22.Qd4e3 Nf6h5
23.g4 Nh5f6
24.Nb3d4 Bd6c5
25.Kh1 Qc7b6
26.g5 Nf6h5
27.Rf1g1 Bc5xd4
28.cxd4 Qb6xd4
29.Qe3xd4 Rd8xd4
30.Bd2c3 Rd4d3
31.Kh2 Nh5xf4
32.Rg1g3 Rd3xg3
33.Kxg3 Nf4e2
34.Kf2 Ne2xc3
35.bxc3 f5
36.gxf6 gxf6
 { time }
0-1

[Event "Tourn. n9989"]
[Site "www.echecsemail.com"]
[Date "2019.01.14"]
[Round "1"]
[White "Ff333"]
[Black "Zack1984"]
[WhiteElo "2060"]
[BlackElo "2080"]
[Result "0-1"]
[Round "1"]
1.e4 Ng8f6
2.e5 Nf6d5
3.Qd1f3 e6
4.Nb1c3 Nd5b4
5.Bf1d3 Nb8c6
6.Qf3e2 Nc6d4
7.Qe2d1 Nb4xd3
8.cxd3 Qd8g5
9.g3 Qg5xe5
10.Kf1 Qe5f5
11.Nc3e4 d5
12.f3 dxe4
13.dxe4 Qf5b5
14.Ng1e2 Qb5d3
15.Qd1a4 Bc8d7
16.Qa4xd4 Qd3xf3
17.Ke1 Bd7b5
18.Qd4f2 Qf3xh1
19.Ne2g1 O-O-O
20.d4 Bf8b4
21.Bc1d2 Qh1xe4
22.Ng1e2 Bb4xd2
23.Kxd2 Bb5xe2
24.Qf2xe2 Rd8xd4
25.Ke1 Qe4c6
26.Kf2 Rh8d8
{ resign }
0-1

[Event "Tourn. n10006"]
[Site "www.echecsemail.com"]
[Date "2019.01.14"]
[Round "1"]
[White "Julian"]
[Black "Passaroa25"]
[WhiteElo "1620"]
[BlackElo "1660"]
[Result "1-0"]
[Round "1"]
1.e4 Nb8c6
2.d4 d6
3.Nb1c3 e5
4.d5 Nc6d4
5.Bc1e3 Bc8d7
6.Be3xd4 exd4
7.Qd1xd4 b6
8.f4 Qd8e7
9.Ng1f3 f6
10.O-O-O Ng8h6
11.Bf1d3 O-O-O
12.e5 Nh6f5
13.Bd3xf5 Bd7xf5
14.Rh1e1 Bf5d7
15.exf6 Qe7xf6
16.Qd4d3 Qf6xf4
17.Kb1 Kb8
18.Nf3d4 Qf4xh2
19.Nd4c6 Bd7xc6
20.dxc6 Qh2xg2
21.Nc3d5 Qg2g6
22.Qd3a6 { resign }
1-0

[Event "Tourn. n9948"]
[Site "www.echecsemail.com"]
[Date "2019.01.14"]
[Round "1"]
[White "Cal"]
[Black "Passaroa25"]
[WhiteElo "1680"]
[BlackElo "1700"]
[Result "1-0"]
[Round "1"]
1.c4 Nb8c6
2.a3 Nc6e5
3.d3 c6
4.Bc1f4 f6
5.Nb1c3 d6
6.h3 Ne5f7
7.e4 e5
8.Bf4g3 Bc8d7
9.Ng1f3 Ng8e7
10.Bf1e2 Ne7g6
11.O-O Bf8e7
12.b4 Qd8b8
13.Nf3h2 O-O
14.Be2h5 b6
15.Bh5xg6 hxg6
16.f4 g5
17.fxg5 Nf7xg5
18.Qd1h5 Bd7e8
19.Rf1f5 Be8xh5
20.Bg3h4 Bh5g6
21.Rf5f2 Ng5h7
22.Nc3e2 Qb8c7
23.a4 c5
24.b5 Bg6f7
25.Ne2g3 Bf7g6
26.Rf2f3 Rf8d8
27.Ra1f1 Rd8f8
28.Ng3e2 Bg6h5
29.g4 Bh5e8
30.Rf3f5 Be8d7
31.Rf5h5 Bd7e6
32.Ne2g3 Be6f7
33.Rh5f5 Bf7g6
34.Rf5f3 Rf8f7
35.g5 Ra8f8
36.Nh2g4 Qc7c8
37.gxf6 gxf6
38.Ng4h6 Kg7
39.Nh6xf7 Rf8xf7
40.Rf1f2 Qc8xh3
41.Ng3h5 Bg6xh5
42.Rf3xh3 Kf8
43.Kh2 Bh5g4
44.Rh3g3 Bg4d1
45.Rf2a2 Ke8
46.Rg3g8 Nh7f8
47.a5 Kd7
48.axb6 Bd1b3
49.Ra2xa7 Ke6
50.b7 Nf8d7
51.Rg8e8 Bb3c2
52.Ra7a3 Rf7h7
53.Kh3 Kf7
54.Re8c8 Kg6
55.Rc8c7 Nd7b8
56.Ra3a8 Be7d8
57.Rc7xh7 Kxh7
58.Ra8xb8 Bd8c7
59.Rb8c8 Kg6
60.Rc8xc7 Bc2xd3
61.b8Q Bd3xe4
62.Qb8g8 { resign }
1-0

[Event "Tourn. n9940"]
[Site "www.echecsemail.com"]
[Date "2019.01.14"]
[Round "1"]
[White "Pdebonis"]
[Black "Greghghs"]
[WhiteElo "2700"]
[BlackElo "2510"]
[Result "1/2-1/2"]
[Round "1"]
1.e4 e6
2.d4 d5
3.Nb1d2 Ng8f6
4.e5 Nf6d7
5.Bf1d3 c5
6.c3 Nb8c6
7.Ng1e2 cxd4
8.cxd4 f6
9.exf6 Nd7xf6
10.O-O Bf8d6
11.Nd2f3 Qd8c7
12.g3 O-O
13.a3 Nf6g4
14.Ne2c3 Qc7d8
15.Bd3xh7 Kxh7
16.Nf3g5 Kg8
17.Qd1xg4 e5
18.Qg4h5 Bc8f5
19.dxe5 Bd6xe5
20.Rf1d1 d4
21.Nc3e4 Qd8d7
22.Rd1e1 d3
23.g4 g6
24.Qh5h4 Bf5xe4
25.Re1xe4 Ra8e8
26.Qh4h6 Qd7g7
27.Qh6xg7 Be5xg7
28.Kg2 Re8xe4
29.Ng5xe4 Nc6e5
30.Bc1g5 Ne5xg4
31.Ra1d1 Rf8f5
32.Bg5c1 { draw }
1/2-1/2

[Event "Tourn. n10020"]
[Site "www.echecsemail.com"]
[Date "2019.01.14"]
[Round "1"]
[White "Szustan"]
[Black "Tonino1"]
[WhiteElo "2620"]
[BlackElo "2340"]
[Result "1-0"]
[Round "1"]
1.e4 d6
2.d4 Ng8f6
3.Nb1c3 c6
4.f4 g6
5.Ng1f3 Bf8g7
6.Bf1d3 Qd8c7
7.O-O O-O
8.Qd1e1 Nb8d7
9.e5 Nf6e8
10.Qe1h4 e6
11.Bc1d2 d5
12.Nf3g5 h6
13.Ng5xe6 fxe6
14.Bd3xg6 b5
15.Rf1f3 b4
16.Nc3e2 a5
17.f5 exf5
18.Bd2xh6 c5
19.Bh6xg7  { time }
1-0

[Event "Match"]
[Site "www.echecsemail.com"]
[Date "2019.01.14"]
[Round "1"]
[White "Zack1984"]
[Black "Joseph1983"]
[WhiteElo "2440"]
[BlackElo "2220"]
[Result "1-0"]
[Round "1"]
1.f4 e5
2.fxe5 d6
3.exd6 Bf8xd6
4.Ng1f3 g5
5.g3 h5
6.d4 g4
7.Nf3h4 Bd6e7
8.Bc1f4 Be7xh4
9.gxh4 Qd8xh4
10.Bf4g3 Qh4e7
11.Nb1c3 Ng8f6
12.Bg3h4 Qe7d6
13.Bf1g2 Nb8c6
14.Nc3b5 Qd6b4
15.Qd1d2 Qb4xb5
16.Bh4xf6 Rh8g8
17.Qd2e3 Bc8e6
18.d5 Nc6b4
19.O-O-O Qb5c4
20.Bg2e4 Nb4xa2
21.Kb1 Na2b4
22.b3 { resign }
1-0

[Event "Tourn. n10038"]
[Site "www.echecsemail.com"]
[Date "2019.01.14"]
[Round "1"]
[White "Fantomas"]
[Black "Francesco"]
[WhiteElo "2230"]
[BlackElo "2020"]
[Result "0-1"]
[Round "1"]
1.e4 e5
2.Ng1f3 Ng8f6
3.Nb1c3 Bf8b4
4.d3 Nb8c6
5.Bc1d2 O-O
6.Bf1e2 d6
7.h3 Bc8e6
8.a3 Bb4a5
9.b4 Ba5b6
10.Nc3a4 Bb6d4
11.c3 Bd4b6
12.Na4xb6 axb6
13.O-O h6
14.Rf1e1 Nf6h7
15.Qd1c1 Qd8d7
16.Kh2 f5
17.exf5 Rf8xf5
18.Bd2e3 Nc6e7
19.Nf3h4 Rf5f7
20.c4 Ra8f8
21.Nh4f3 Be6xh3
22.Nf3g1 Bh3e6
23.Be2f3 c6
24.Be3xb6 Be6g4
25.Bf3xg4 Qd7xg4
26.Ra1a2 Ne7f5
27.Qc1d1 Qg4h4
28.Ng1h3 Nh7g5
29.Qd1c1 Ng5xh3
30.gxh3 g5
31.Re1e4 Qh4h5
32.Re4g4 Nf5h4
33.Bb6e3 Nh4f3
34.Kg2 Qh5g6
35.Qc1d1 h5
36.Rg4g3 g4
37.Qd1h1 Nf3h4
38.Kg1 Qg6xd3
39.Ra2d2 Qd3b1
40.Kh2 Nh4f3
{ resign }
0-1